|
|
|
|
| LEADER |
00883nam a2200325 4500 |
| 001 |
DLU090102925 |
| 005 |
##20091228 |
| 040 |
# |
# |
|a DLU
|b vie
|
| 041 |
# |
# |
|a eng
|
| 044 |
# |
# |
|a vn
|
| 082 |
# |
# |
|a 428.007 6
|b Huo
|
| 245 |
# |
# |
|a Hướng dẫn ôn thi tốt nghiệp trung học cơ sở môn tiếng Anh /
|c Trương Sĩ Sằn biên soạn.
|
| 260 |
# |
# |
|a Tp. Hồ Chí Minh :
|b Trẻ,
|c 1999.
|
| 300 |
# |
# |
|a 112 tr. ;
|c 21 cm.
|
| 546 |
# |
# |
|a Tài liệu viết bằng tiếng Anh
|
| 546 |
# |
# |
|a Tài liệu viết bằng tiếng Việt
|
| 653 |
# |
# |
|a Sách bài tập
|
| 653 |
# |
# |
|a Tiếng Anh
|
| 700 |
# |
# |
|a Trương Sĩ Sằn,
|e biên soạn.
|
| 923 |
# |
# |
|a 15/2009
|
| 991 |
# |
# |
|a GT
|
| 992 |
# |
# |
|a 6500
|
| 994 |
# |
# |
|a DLU
|
| 900 |
# |
# |
|a True
|
| 911 |
# |
# |
|a Đào Thị Thu Huyền
|
| 925 |
# |
# |
|a G
|
| 926 |
# |
# |
|a A
|
| 927 |
# |
# |
|a SH
|
| 980 |
# |
# |
|a Thư viện Trường Đại học Đà Lạt
|